The naughty monkey (Record no. 184835)

MARC details
000 -LÍDER
campo de controle de tamanho fixo 00333 a2200157 4500
001 - NÚMERO DE CONTROLE
campo de controle 184835
020 ## - ISBN - INTERNATIONAL STANDARD BOOK NUMBER
ISBN - International Standard Book Number 019434595-1
040 ## - FONTE DA CATALOGAÇÃO
Instituição que transcreveu o registro Magnum
100 ## - ENTRADA PRINCIPAL--NOME PESSOAL
Nome pessoal Crowther, Terence G.
240 10 - TÍTULO UNIFORME
Título uniforme The naughty monkey
Idioma da obra ING
245 10 - TÍTULO
Título The naughty monkey
300 ## - DESCRIÇÃO FÍSICA
Extensão 29
362 0# - DATAS DE PUBLICAÇÃO E/OU DESIGNAÇÃO SEQUENCIAL
Datas de publicação e/ou designação sequencial 1997
697 ## - ENTRADA DE ASSUNTO LOCAL--ENTIDADE COLETIVA (RLIN)
Nome corporativo ou nome da jurisdição LITERATURA INGLESA
942 ## - ELEMENTOS DE ENTRADA ADICIONADOS (KOHA)
Tipo de material Koha Livros
Holdings
Situação do descarte Situação das perdas Situação física Não pode ser emprestado Biblioteca de origem Biblioteca atual Data de aquisição Total de empréstimos Número de chamada completo Código de barras Data de último acesso Data do preço efetivo Tipo de material Koha
        Magnum Magnum 08/06/2024   890.1.24 MAG00045799 08/06/2024 08/06/2024 Livros
        Magnum Magnum 08/06/2024   890.1.24 MAG00045800 08/06/2024 08/06/2024 Livros
        Magnum Magnum 08/06/2024   890.1.24 MAG00045801 08/06/2024 08/06/2024 Livros
        Magnum Magnum 08/06/2024   890.1.24 MAG00045802 08/06/2024 08/06/2024 Livros
        Magnum Magnum 08/06/2024   890.1.24 MAG00045803 08/06/2024 08/06/2024 Livros
        Magnum Magnum 08/06/2024   890.1.24 MAG00045804 08/06/2024 08/06/2024 Livros
        Magnum Magnum 08/06/2024   890.1.24 MAG00045805 08/06/2024 08/06/2024 Livros
        Magnum Magnum 08/06/2024   890.1.24 MAG00045806 08/06/2024 08/06/2024 Livros
        Magnum Magnum 08/06/2024   890.1.24 MAG00045807 08/06/2024 08/06/2024 Livros
        Magnum Magnum 08/06/2024   890.1.24 MAG00045808 08/06/2024 08/06/2024 Livros
        Magnum Magnum 08/06/2024   890.1.24 MAG00045809 08/06/2024 08/06/2024 Livros
        Magnum Magnum 08/06/2024   890.1.24 MAG00045810 08/06/2024 08/06/2024 Livros